| 000 | 00535nam a22001817a 4500 | ||
|---|---|---|---|
| 008 | 150608b xxu||||| |||| 00| 0 eng d | ||
| 020 | _a0256197563 | ||
| 041 | 0 | _aeng | |
| 080 | _a658.1 | ||
| 100 | 1 | _aTimmons, Jeffry A. | |
| 245 | 1 | 0 |
_aNew venture creation : _cJeffry A. Timmons. |
| 250 | _a5th ed. | ||
| 260 |
_aBoston : _bIrwin/McGraw-Hill, _cc1999. |
||
| 300 |
_a612 f. : _bme il. ; _c28 cm. |
||
| 650 | 0 | _aNdërmarrjet e bizneseve të reja | |
| 650 | 0 | _aNdërmarrësia | |
| 942 |
_2udc _cBK |
||
| 999 |
_c1001 _d1001 |
||